000 00281nam a2200109Ia 4500
020 _a0 2736 0765 0
082 _aNF 650
100 _aWISNIEWSKI, M
_9161866
245 0 _aFOUNDATION QUANTITATIVE METHODS FOR BUSINESS
942 _y561
_zJohn Tresidder
999 _c630503
_d630502